BIBLIOTHÈQUE DE LA MAISON DU MEXIQUE

Logo 1 Logo 2

El conquistador anónimo (notice nᵒ 10591)

détails MARC
000 -Sello discográfico
campo de control de longitud fija 01078nam a2200349 4500
005 - Identificación de versión
campo de control 20251017062827.0
035 ## - Otros números de control del sistema
Número de control del sistema 1195
099 ## - fechas locales
Tipo de ítem Koha LIBRO
100 ## - Datos de procesamiento general
Datos de procesamiento general 20040115d1941 m y1spay5003 ba
105 ## - Campo de datos codificados: Material textual, monográfico
Datos codificados de monografía y 001zy
200 1# - Título y mención de responsabilidad
Título propio El conquistador anónimo
Designación general del material texto impreso
Otra información del título relación de algunas cosas de la Nueva España y de la gran ciudad de Temestitán, México
Primer mención de responsabilidad Escrita por un compañero de Hernán Cortés
Declaración de responsabilidad subsiguiente prólogo y notas León Díaz Cárdenas
210 ## - Publicación, distribución, etc.
Lugar de publicación, distribución, etc. México
Nombre del editor, distribuidor, etc. Editorial América
Fecha de publicación, distribución, etc. 1941
215 ## - Descripción física
Designación de material específico y extensión del ítem 55 p
Dimensiones 20 cm
318 ## - Nota de acción
Acción No se presta a domicilio
345 ## - Nota de información de adquisición
Fuente de adquisición/dirección de la suscripción [OBSOLETO] Donación
607 ## - Nombre geográfico utilizado como tema
Elemento de entrada América Latina
Subdivisión temática Historia
Subdivisión cronológica Hasta 1600
Número Koha 17097
607 ## - Nombre geográfico utilizado como tema
Elemento de entrada México
Subdivisión temática Historia
Subdivisión cronológica Conquista, 1519-1540
Número Koha 453
660 ## - Código de área geográfica
Código MX
676 ## - Clasificación Decimal Dewey
Número R972.02 C756r
702 ## - Nombre personal - Responsabilidad secundaria
Elemento de entrada Díaz Cárdenas
Parte del nombre distinta del elemento de entrada León
Número Koha 17098
801 #0 - Fuente de origen
Agencia cm
900 ## -
-- 1/6001
900 ## -
-- 7100417762\150104
942 ## - ELEMENTOS DE ENTRADA SECUNDARIOS (KOHA)
Tipo de ítem Koha Livre

Pas d'exemplaire disponible.